[Event "Ch BLR 2013 m"]
[Site "?"]
[Date "2013.01.12"]
[Round "1.1"]
[White "Grib, Roman"]
[Black "Fedorov, Alexei"]
[Result "1-0"]
[WhiteElo "2358"]
[BlackElo "2590"]
[PlyCount "85"]
[EventDate "2013.??.??"]

1. e4 c5 2. Nf3 e6 3. d4 cxd4 4. Nxd4 a6 5. Nc3 b5 6. Bd3 Qb6 7. Nf3 Qc7 8. O-O
Bb7 9. Qe2 Bc5 10. Bd2 Nc6 11. a4 b4 12. Na2 Nf6 13. c3 bxc3 14. Bxc3 a5 15.
Rac1 Qb6 16. Nd2 Be7 17. Bb5 O-O 18. Nc4 Qa7 19. Rfd1 d5 20. Nd6 Bxd6 21. Bxf6
Ne5 22. Bxe5 Bxe5 23. exd5 Qb8 24. dxe6 Bxh2+ 25. Kh1 fxe6 26. Bc6 Bf4 27. Rc5
Ra6 28. Bxb7 Qxb7 29. Nc3 Qe7 30. Rh5 Rb6 31. Nd5 Qb7 32. Nxb6 Qxb6 33. Qc2 h6
34. Rb5 Qa7 35. Qc5 Qf7 36. Rd3 Qg6 37. Qc2 e5 38. Kg1 Kh7 39. Rc3 e4 40. Rc6
Qg4 41. Qxe4+ Kh8 42. g3 h5 43. Rcc5 1-0

[Event "Ch BLR 2013 m"]
[Site "?"]
[Date "2013.01.12"]
[Round "1.1"]
[White "Stupak, Kirill"]
[Black "Tihonov, Jurij"]
[Result "1/2-1/2"]
[WhiteElo "2526"]
[BlackElo "2443"]
[PlyCount "49"]
[EventDate "2013.??.??"]

1. d4 d6 2. g3 g6 3. Bg2 Bg7 4. e4 Nf6 5. Nc3 O-O 6. Nge2 e5 7. O-O c6 8. a4 a5
9. h3 Na6 10. Be3 Nb4 11. f4 exf4 12. Nxf4 d5 13. e5 Ne8 14. g4 f6 15. exf6
Nxf6 16. Qd2 b6 17. Rae1 Ra7 18. Nd1 Ne4 19. Bxe4 dxe4 20. c3 Nd5 21. Nxd5 cxd5
22. Bg5 Qe8 23. Rxf8+ Bxf8 24. Ne3 Be6 25. Qc2 1/2-1/2

[Event "Ch BLR 2013 m"]
[Site "?"]
[Date "2013.01.12"]
[Round "1.1"]
[White "Meribanov, Vitaly"]
[Black "Gorovets, Andrey"]
[Result "1/2-1/2"]
[WhiteElo "2409"]
[BlackElo "2477"]
[PlyCount "127"]
[EventDate "2013.??.??"]

1. e4 c5 2. Nc3 a6 3. Nf3 e6 4. d4 cxd4 5. Nxd4 Qc7 6. Bd3 Nf6 7. O-O Bc5 8.
Nb3 Ba7 9. Qf3 Nc6 10. Bf4 d6 11. Be2 O-O 12. Qg3 Ne5 13. Rad1 Ne8 14. a4 Bd7
15. Rd2 Rc8 16. Rfd1 f6 17. h4 Bb8 18. h5 Kh8 19. h6 Rg8 20. Bh5 gxh6 21. Qh4
Ng6 22. Bxg6 Rxg6 23. Rd3 Bc6 24. Nd4 Qf7 25. Nxc6 bxc6 26. Rg3 d5 27. Rxg6
Qxg6 28. Bxh6 Nd6 29. Rd3 Nf7 30. Bf4 Bxf4 31. Qxf4 e5 32. Qh4 d4 33. Ne2 c5
34. b3 Ng5 35. Ng3 Ne6 36. Nh5 Ng5 37. Ng3 Rg8 38. Qg4 Qf7 39. Qf5 Ne6 40. Nh5
Rg5 41. Qxf6+ Qxf6 42. Nxf6 Nf4 43. Rf3 Rxg2+ 44. Kf1 Rg7 45. Rg3 h5 46. Rxg7
Kxg7 47. Nd7 d3 48. cxd3 Nxd3 49. Ke2 h4 50. Kf3 Kf7 51. Nb8 Ke6 52. Nxa6 Kd6
53. Kg2 Kc6 54. f3 Kb7 55. Nxc5+ Nxc5 56. Kh3 Nxb3 57. Kxh4 Nc5 58. Kg4 Nd3 59.
Kf5 Kb6 60. f4 exf4 61. Kg4 Kc5 62. a5 Kb5 63. e5 Nxe5+ 64. Kxf4 1/2-1/2

[Event "Ch BLR 2013 m"]
[Site "?"]
[Date "2013.01.12"]
[Round "1.1"]
[White "Lutsko, Igor"]
[Black "Kovalev, Vladislav"]
[Result "0-1"]
[WhiteElo "2371"]
[BlackElo "2482"]
[PlyCount "120"]
[EventDate "2013.??.??"]

1. d4 Nf6 2. Nf3 g6 3. c4 Bg7 4. Nc3 O-O 5. e4 d6 6. Be2 e5 7. O-O Na6 8. Rb1
exd4 9. Nxd4 Re8 10. Bf3 Nc5 11. Re1 a5 12. Bf4 Nfd7 13. Qd2 Ne5 14. Be2 c6 15.
Bh6 Bh8 16. Be3 Qe7 17. Rbd1 a4 18. f3 Bg7 19. Nc2 Ned7 20. Bd4 Nf6 21. Bf2
Nfd7 22. Bf1 Be5 23. f4 Bg7 24. Bd4 Nf6 25. Bxc5 dxc5 26. e5 Nh5 27. Ne4 Bf5
28. Nd6 Bxc2 29. Qxc2 Nxf4 30. Nxe8 Rxe8 31. Re4 Ne6 32. Qxa4 Nd4 33. Rde1 Qg5
34. Qd1 Bxe5 35. g3 f6 36. Kg2 Rd8 37. Rg4 Qh6 38. Rge4 Rd6 39. Qa4 Qd2+ 40.
Kh1 Nf3 41. R1e2 Qd1 42. Qxd1 Rxd1 43. Kg2 Nd4 44. Rf2 h5 45. Re3 Kg7 46. Ra3
b5 47. Ra5 Nf5 48. Re2 Bd4 49. cxb5 cxb5 50. Rxb5 Ne3+ 51. Rxe3 Bxe3 52. a4
Rd2+ 53. Kf3 Bd4 54. Rb7+ Kh6 55. Be2 g5 56. Re7 g4+ 57. Kg2 Rxb2 58. a5 c4 59.
a6 c3 60. a7 Bxa7 0-1

[Event "Ch BLR 2013 m"]
[Site "?"]
[Date "2013.01.12"]
[Round "1.1"]
[White "Teterev, Vitaly"]
[Black "Lomako, Pavel"]
[Result "1-0"]
[WhiteElo "2536"]
[BlackElo "2361"]
[PlyCount "65"]
[EventDate "2013.??.??"]

1. Nf3 Nf6 2. g3 b5 3. Bg2 Bb7 4. O-O e6 5. d4 c5 6. Na3 b4 7. Nc4 d5 8. Nce5
Be7 9. c4 bxc3 10. bxc3 O-O 11. Rb1 Qc8 12. Ba3 Nbd7 13. Qc2 Nb6 14. Nd2 Re8
15. Rfc1 Ba6 16. Qd1 Rb8 17. c4 Bxc4 18. Ndxc4 Nxc4 19. Rxb8 Qxb8 20. Nxc4 dxc4
21. Bxc5 Bxc5 22. dxc5 Rd8 23. Qc2 Rd4 24. e3 Rd8 25. Qxc4 h5 26. c6 Qc7 27.
Qb4 Ne8 28. Bf3 g6 29. Rb1 Qe5 30. Qe7 Rb8 31. Rd1 Qf5 32. Kg2 h4 33. gxh4 1-0

[Event "Ch BLR 2013 m"]
[Site "?"]
[Date "2013.01.13"]
[Round "2.1"]
[White "Kovalev, Vladislav"]
[Black "Zhigalko, Sergei"]
[Result "1/2-1/2"]
[WhiteElo "2482"]
[BlackElo "2651"]
[PlyCount "129"]
[EventDate "2013.??.??"]

1. e4 c5 2. Nf3 d6 3. d4 cxd4 4. Qxd4 Nc6 5. Bb5 Bd7 6. Bxc6 Bxc6 7. Nc3 Nf6 8.
Bg5 e6 9. O-O-O Be7 10. Qd3 Qa5 11. h4 h6 12. Bxf6 Bxf6 13. Nd4 Rc8 14. f4 Qb6
15. f5 Bxd4 16. Qxd4 Qxd4 17. Rxd4 Ke7 18. Rf1 Rhd8 19. Kd2 Be8 20. Rd3 Rc5 21.
Rg3 g6 22. fxg6 fxg6 23. Rgf3 Rh5 24. Rf8 Rxh4 25. Rh8 Rd7 26. Ke3 g5 27. Rh7+
Kd8 28. Rh8 Ke7 29. Rh7+ Kd8 30. Rh8 Re7 31. Nb5 Kd7 32. e5 dxe5 33. Rd1+ Kc6
34. Nxa7+ Kc7 35. b3 Rg4 36. a4 Rxg2 37. c3 Rg3+ 38. Ke4 Bd7 39. Kxe5 Rf7 40.
Nb5+ Bxb5 41. axb5 Re3+ 42. Kd4 Rh3 43. Ke5 Rf5+ 44. Kxe6 Rxb5 45. Rd7+ Kb6 46.
Rd6+ Ka7 47. c4 Rbxb3 48. c5 Rbc3 49. Rc8 Rhe3+ 50. Kd7 h5 51. Rc7 Rcd3 52. Kd8
g4 53. Rh7 g3 54. Kc8 Re8+ 55. Kc7 Rxd6 56. cxd6 g2 57. Rg7 Re2 58. d7 h4 59.
d8=Q Rc2+ 60. Kd6 Rd2+ 61. Kc7 Rc2+ 62. Kd6 Rd2+ 63. Kc7 Rc2+ 64. Kd6 Rd2+ 65.
Kc7 1/2-1/2

[Event "Ch BLR 2013 m"]
[Site "?"]
[Date "2013.01.13"]
[Round "2.3"]
[White "Tihonov, Jurij"]
[Black "Meribanov, Vitaly"]
[Result "1/2-1/2"]
[WhiteElo "2443"]
[BlackElo "2409"]
[PlyCount "55"]
[EventDate "2013.??.??"]

1. Nf3 Nf6 2. g3 c5 3. Bg2 g6 4. c3 d6 5. d4 Nbd7 6. O-O Bg7 7. Re1 O-O 8. Na3
Ne4 9. Ng5 Nxg5 10. Bxg5 h6 11. Be3 Qc7 12. b4 a6 13. Qb3 Rb8 14. Nc4 b6 15.
Rac1 Nf6 16. Red1 Be6 17. d5 Bd7 18. bxc5 bxc5 19. Qc2 Bb5 20. Nb2 Rb7 21. a4
Bd7 22. Nc4 Bf5 23. Qa2 Rfb8 24. a5 Rb5 25. Bd2 Be4 26. Bxe4 Nxe4 27. Be1 Nf6
28. Qc2 1/2-1/2

[Event "Ch BLR 2013 m"]
[Site "?"]
[Date "2013.01.13"]
[Round "2.4"]
[White "Gorovets, Andrey"]
[Black "Lutsko, Igor"]
[Result "1-0"]
[WhiteElo "2477"]
[BlackElo "2371"]
[PlyCount "175"]
[EventDate "2013.??.??"]

1. e4 c5 2. c3 e6 3. Nf3 d5 4. exd5 exd5 5. d4 a6 6. Be2 Nc6 7. O-O Bd6 8. dxc5
Bxc5 9. Nbd2 Nf6 10. Nb3 Be7 11. Be3 O-O 12. Qc2 Re8 13. h3 Ne4 14. Rad1 Bf6
15. Nbd4 Qd6 16. Bd3 Qc7 17. Rfe1 Bd7 18. Nxc6 Bxc6 19. Bd4 Bxd4 20. Nxd4 Nf6
21. Qd2 Bd7 22. Bc2 a5 23. Rxe8+ Rxe8 24. Re1 Rxe1+ 25. Qxe1 Kf8 26. Bd3 g6 27.
Qe3 Kg7 28. Be2 Qd6 29. f4 b6 30. Bf3 Be6 31. a3 h5 32. Kf2 Kf8 33. Ke1 Kg7 34.
Kd2 Kf8 35. b4 h4 36. Qe5 Qxe5 37. fxe5 Nd7 38. Nc6 axb4 39. cxb4 f6 40. exf6
Nxf6 41. a4 Ke8 42. a5 bxa5 43. bxa5 g5 44. a6 Bc8 45. a7 Bb7 46. Na5 Ba8 47.
Nc4 Nd7 48. Ke3 Kd8 49. Kd4 Kc7 50. Bxd5 Bxd5 51. Kxd5 Kb7 52. Ke6 Nc5+ 53. Kf5
Kxa7 54. Kxg5 Kb7 55. Kxh4 Kc6 56. Kg5 Kd5 57. Nd2 Ke5 58. h4 Ne6+ 59. Kg4 Kf6
60. Ne4+ Kg6 61. h5+ Kh6 62. Nd6 Kg7 63. g3 Kf6 64. Ne4+ Ke5 65. Ng5 Nf8 66.
Nf3+ Kf6 67. Nd4 Nd7 68. Kf4 Nc5 69. g4 Nd3+ 70. Kg3 Ke5 71. Nf3+ Kf6 72. Ng1
Kg5 73. Nh3+ Kf6 74. Nf2 Nc5 75. Kh4 Ne6 76. Ne4+ Ke5 77. Ng5 Nf8 78. Nf3+ Kf4
79. g5 Kf5 80. Nd4+ Ke5 81. Ne2 Ke6 82. Kg4 Nd7 83. Nf4+ Kf7 84. Kf5 Nc5 85.
g6+ Kg8 86. h6 Nb7 87. Nd5 Nd6+ 88. Ke6 1-0

[Event "Ch BLR 2013 m"]
[Site "?"]
[Date "2013.01.13"]
[Round "2.5"]
[White "Fedorov, Alexei"]
[Black "Lomako, Pavel"]
[Result "0-1"]
[WhiteElo "2590"]
[BlackElo "2361"]
[PlyCount "115"]
[EventDate "2013.??.??"]

1. e4 c6 2. Nc3 d5 3. Qe2 dxe4 4. Nxe4 g6 5. d4 Bg7 6. Bf4 Be6 7. Nf3 Nf6 8.
Nfg5 Bd5 9. Nd6+ Kf8 10. Nc4 Nbd7 11. Nf3 c5 12. dxc5 Rc8 13. O-O-O Rxc5 14.
Nfe5 b5 15. Ne3 Nb6 16. Nd3 Rc8 17. Nb4 a5 18. Nbxd5 Nfxd5 19. Nxd5 Nxd5 20.
Qxb5 e6 21. Qb7 h5 22. Ba6 Rc5 23. c4 Kg8 24. Qb8 Qxb8 25. Bxb8 Kh7 26. Bg3 h4
27. Bd6 Rc6 28. Ba3 Nc7 29. Bb7 Rxc4+ 30. Kb1 Nb5 31. Rd7 Nxa3+ 32. bxa3 Rf4
33. f3 Rf5 34. Kc2 Rb8 35. Rb1 Rc5+ 36. Kd2 Kg8 37. Rb3 Be5 38. Be4 Rxb3 39.
axb3 Bxh2 40. Ke3 Rc3+ 41. Rd3 Rxd3+ 42. Kxd3 Bd6 43. b4 axb4 44. a4 Kg7 45. a5
Kf6 46. a6 Bb8 47. f4 e5 48. fxe5+ Kxe5 49. Bc6 f5 50. Kc4 g5 51. Kxb4 Kd4 52.
Kb3 f4 53. Kc2 Ke3 54. Kd1 Kf2 55. Kd2 g4 56. Kd3 h3 57. gxh3 g3 58. Kd4 0-1

[Event "Ch BLR 2013 m"]
[Site "?"]
[Date "2013.01.13"]
[Round "2.6"]
[White "Grib, Roman"]
[Black "Stupak, Kirill"]
[Result "0-1"]
[WhiteElo "2358"]
[BlackElo "2526"]
[PlyCount "160"]
[EventDate "2013.??.??"]

1. e4 c6 2. Nf3 d5 3. Nc3 Bg4 4. h3 Bh5 5. exd5 cxd5 6. Bb5+ Nc6 7. g4 Bg6 8.
Ne5 Rc8 9. h4 f6 10. Nxg6 hxg6 11. d4 e6 12. Bd3 Kf7 13. Ne2 Bd6 14. f4 Nh6 15.
h5 gxh5 16. gxh5 f5 17. c3 Qc7 18. Qd2 Ng4 19. Ng1 g6 20. Nf3 gxh5 21. Ng5+ Kf6
22. O-O Nd8 23. Qe1 Qd7 24. Bd2 Nf7 25. Nf3 Be7 26. Kh1 Kg7 27. Qe2 Nd6 28. Ne5
Qe8 29. Kg2 Bf6 30. Rf3 Ne4 31. Rh1 Bxe5 32. fxe5 Qg6 33. Kf1 Nxd2+ 34. Qxd2
Qh6 35. Ke2 Qxd2+ 36. Kxd2 Kg6 37. b3 Rcd8 38. Be2 Kg5 39. Rfh3 Rd7 40. a3 Rdd8
41. a4 Kg6 42. Bf3 Rd7 43. Be2 Rdh7 44. Rf1 b6 45. Bd1 Rg8 46. Rfh1 Rgh8 47.
Rf1 a6 48. Be2 Ra7 49. Rfh1 b5 50. a5 Rb7 51. b4 Rbh7 52. Rf1 Rh6 53. Bd1 Kg7
54. Be2 Rg6 55. Bf3 Rg5 56. Be2 Kg6 57. Rf4 Nh6 58. Rfh4 Nf7 59. Ke3 Rg4 60.
Bxg4 fxg4 61. Rh1 Kg5 62. Kf2 Rh6 63. Ke3 Nd8 64. Kf2 Nc6 65. R4h2 Ne7 66. Rg2
Nf5 67. Rhg1 Rh8 68. Ke2 Rf8 69. Kd3 Nh4 70. Re2 Nf3 71. Rf1 g3 72. Ke3 Kg4 73.
c4 dxc4 74. d5 exd5 75. e6 Rf4 76. Rxf3 Rxf3+ 77. Kd4 Rf8 78. e7 Re8 79. Re6 g2
80. Kxd5 Kh3 0-1

[Event "Ch BLR 2013 m"]
[Site "?"]
[Date "2013.01.14"]
[Round "3.1"]
[White "Zhigalko, Sergei"]
[Black "Gorovets, Andrey"]
[Result "1-0"]
[WhiteElo "2651"]
[BlackElo "2477"]
[PlyCount "129"]
[EventDate "2013.??.??"]

1. e4 e5 2. Nf3 Nc6 3. Bb5 a6 4. Ba4 Nf6 5. O-O Be7 6. Re1 b5 7. Bb3 d6 8. c3
O-O 9. h3 Na5 10. Bc2 c5 11. d4 Qc7 12. Nbd2 Bd7 13. Nf1 Rfe8 14. Ng3 Nc4 15.
b3 Nb6 16. a4 c4 17. axb5 axb5 18. Rxa8 Rxa8 19. b4 Na4 20. Bd2 g6 21. Ng5 h6
22. Nf3 Bf8 23. Qc1 Kh7 24. Nh2 Re8 25. d5 Bg7 26. Rf1 Bc8 27. Kh1 Qe7 28. Qa1
Bd7 29. Be3 Ra8 30. Qe1 Ng8 31. Qd2 h5 32. Ne2 Bh6 33. f4 f6 34. Nf3 Rf8 35.
Rg1 Kg7 36. Rf1 Be8 37. Qe1 Kh8 38. Nh4 Nb2 39. Qg3 Kh7 40. Ra1 Na4 41. f5 g5
42. Ng6 Bxg6 43. fxg6+ Kxg6 44. Qe1 Qd7 45. Ng3 Ne7 46. Bd1 h4 47. Bg4 Qb7 48.
Nf5 Nxf5 49. Bxf5+ Kg7 50. Qe2 Rd8 51. Qg4 Kf8 52. Ra3 Qf7 53. Be6 Qg6 54. Bf2
Qh7 55. Ra1 Nxc3 56. Bf5 Qf7 57. Ra7 Qe8 58. Qf3 Na4 59. Bg4 Qg6 60. Bh5 g4 61.
hxg4 Qg5 62. Be3 c3 63. Bxg5 Bxg5 64. Rf7+ Kg8 65. Qf5 1-0

[Event "Ch BLR 2013 m"]
[Site "?"]
[Date "2013.01.14"]
[Round "3.2"]
[White "Teterev, Vitaly"]
[Black "Kovalev, Vladislav"]
[Result "1/2-1/2"]
[WhiteElo "2536"]
[BlackElo "2482"]
[PlyCount "145"]
[EventDate "2013.??.??"]

1. Nf3 Nf6 2. c4 g6 3. g3 Bg7 4. Bg2 O-O 5. Nc3 d5 6. cxd5 Nxd5 7. O-O Nc6 8.
d4 Nb6 9. d5 Na5 10. Qc2 Nxd5 11. Rd1 c6 12. Ne1 Bd7 13. Nxd5 cxd5 14. Rxd5 e6
15. Rd3 Rc8 16. Qd1 Rc7 17. Bf4 e5 18. Rc1 Nc6 19. Bxc6 bxc6 20. Be3 Qc8 21.
Bc5 Re8 22. Ng2 Be6 23. Qa4 Rd8 24. Rxd8+ Qxd8 25. Ne3 h5 26. Qa5 Rd7 27. Qxd8+
Rxd8 28. b3 Rd2 29. Rc2 Rd7 30. f3 Bf6 31. Kf2 Bd8 32. Nc4 f6 33. Nb2 Kf7 34.
Be3 Bd5 35. Nd3 Be7 36. Bc5 e4 37. Nf4 exf3 38. exf3 g5 39. Nxd5 Rxd5 40. Bxa7
c5 41. Bb6 Ke6 42. Ke3 f5 43. a4 Re5+ 44. Kf2 Kd5 45. a5 Bd6 46. Re2 Rxe2+ 47.
Kxe2 Kc6 48. Bd8 g4 49. f4 Kb5 50. Kd3 Bb8 51. Be7 Ba7 52. Bd6 Kb4 53. Kc2 Kxa5
54. Kc3 Kb5 55. Bc7 Kc6 56. Be5 Kd5 57. Kd3 Bb6 58. Bc3 Bd8 59. Ke3 h4 60. Kd3
Bc7 61. Ke3 h3 62. Be1 Bd8 63. Bc3 Be7 64. Kd3 Bh4 65. Be1 Bf6 66. Bf2 Bb2 67.
Be3 Bg7 68. Bf2 Bf6 69. Be3 Bb2 70. Bf2 Ba3 71. Be1 Bc1 72. Bf2 Bb2 73. Be3 {
Ke5 Ke4+} 1/2-1/2

[Event "Ch BLR 2013 m"]
[Site "?"]
[Date "2013.01.14"]
[Round "3.3"]
[White "Stupak, Kirill"]
[Black "Fedorov, Alexei"]
[Result "1/2-1/2"]
[WhiteElo "2526"]
[BlackElo "2590"]
[PlyCount "81"]
[EventDate "2013.??.??"]

1. d4 Nf6 2. Nf3 g6 3. g3 c5 4. Bg2 Qa5+ 5. Nbd2 cxd4 6. O-O Bg7 7. Nxd4 O-O 8.
N2b3 Qc7 9. Nb5 Qe5 10. c4 Nc6 11. c5 d5 12. Bf4 Qh5 13. Nc7 e5 14. Bd2 Rb8 15.
Nxd5 Nxd5 16. Bxd5 Bh3 17. Bf3 Qf5 18. e4 Qd7 19. Bg2 Bg4 20. Qc2 Rbc8 21. Rfe1
Rc7 22. Bf1 Rfc8 23. Rac1 f5 24. h3 Bf3 25. exf5 gxf5 26. Bg2 Bxg2 27. Kxg2 Kh8
28. Bc3 Qd5+ 29. f3 Qf7 30. Rcd1 Rg8 31. g4 e4 32. Kh1 exf3 33. Bxg7+ Rxg7 34.
Qxf5 Qxf5 35. gxf5 Rcf7 36. Rd5 Rg3 37. Kh2 Rg2+ 38. Kh1 Rxb2 39. Rf1 Rxa2 40.
Rxf3 Kg7 41. f6+ 1/2-1/2

[Event "Ch BLR 2013 m"]
[Site "?"]
[Date "2013.01.14"]
[Round "3.5"]
[White "Lomako, Pavel"]
[Black "Zhigalko, Andrey"]
[Result "0-1"]
[WhiteElo "2361"]
[BlackElo "2589"]
[PlyCount "114"]
[EventDate "2013.??.??"]

1. c4 Nf6 2. Nc3 e5 3. Nf3 d6 4. g3 c6 5. Bg2 Be7 6. O-O O-O 7. c5 d5 8. Nxe5
Bxc5 9. d4 Be7 10. e4 dxe4 11. Nxe4 Na6 12. Be3 Be6 13. Nc3 Nc7 14. Qc2 Ncd5
15. a3 Qc7 16. Na4 Rad8 17. Nc5 Bc8 18. h3 Rfe8 19. Bd2 Bd6 20. Nc4 Bf8 21.
Rfe1 h6 22. Rad1 g6 23. Qc1 Kh7 24. Ne5 Bg7 25. Bf4 Nxf4 26. Qxf4 Re7 27. Ned3
Qxf4 28. Nxf4 Rxe1+ 29. Rxe1 Rxd4 30. Re7 g5 31. Ne2 Rd1+ 32. Kh2 Rd2 33. Nc3
Rxb2 34. Rc7 Bf5 35. Rxb7 Rxf2 36. Kg1 Rc2 37. N5e4 Nxe4 38. Bxe4 Bd4+ 39. Kf1
Rf2+ 40. Ke1 Bxe4 41. Nxe4 Rf3 42. Nd6 Rxg3 43. Rxf7+ Kg6 44. Rc7 Rxh3 45. Rxc6
Re3+ 46. Kd2 Re6 47. Kd3 Bf6 48. a4 g4 49. a5 g3 50. Rc2 Rxd6+ 51. Ke4 h5 52.
a6 Rxa6 53. Kf3 h4 54. Kg4 Ra1 55. Rc7 g2 56. Kh3 g1=Q 57. Rg7+ Bxg7 0-1

[Event "Ch BLR 2013 m"]
[Site "?"]
[Date "2013.01.14"]
[Round "3.6"]
[White "Meribanov, Vitaly"]
[Black "Grib, Roman"]
[Result "1/2-1/2"]
[WhiteElo "2409"]
[BlackElo "2358"]
[PlyCount "186"]
[EventDate "2013.??.??"]

1. e4 e6 2. d4 d5 3. Nd2 c5 4. exd5 Qxd5 5. Ngf3 cxd4 6. Bc4 Qd6 7. O-O Nf6 8.
Nb3 Nc6 9. Nbxd4 Nxd4 10. Nxd4 a6 11. Bb3 Qc7 12. Re1 Bd6 13. Nf5 Bxh2+ 14. Kh1
O-O 15. Nxg7 Rd8 16. Qf3 Kxg7 17. Bh6+ Kg6 18. c3 Nh5 19. Bc1 Bf4 20. g4 Ng3+
21. fxg3 Bxc1 22. Raxc1 b6 23. Bc2+ Kg7 24. Be4 Rb8 25. Rcd1 Rxd1 26. Rxd1 Bb7
27. Bxb7 Qxb7 28. Kg2 b5 29. Rd4 h6 30. Qxb7 Rxb7 31. Kf3 Kf6 32. Rd6 b4 33. c4
b3 34. a3 Ke5 35. Rxa6 Kd4 36. Rd6+ Kxc4 37. Ke4 f5+ 38. gxf5 exf5+ 39. Kxf5
Rf7+ 40. Rf6 Rxf6+ 41. Kxf6 Kd3 42. a4 Kc2 43. a5 Kxb2 44. a6 Kc3 45. a7 b2 46.
a8=Q b1=Q 47. Qa5+ Kc4 48. Qc7+ Kd4 49. Qe5+ Kc4 50. Qf4+ Kd5 51. g4 Qh1 52.
Kg6 Qh4 53. Qf5+ Kd4 54. Qh5 Qe7 55. Kxh6 Qf8+ 56. Kh7 Qe7+ 57. Kg8 Qe6+ 58.
Kg7 Qe7+ 59. Qf7 Qg5+ 60. Qg6 Qe7+ 61. Kg8 Qd8+ 62. Kf7 Qd7+ 63. Kf6 Qd8+ 64.
Ke6 Qc8+ 65. Ke7 Qc7+ 66. Kf6 Qe5+ 67. Kf7 Qc7+ 68. Ke6 Qc8+ 69. Kf6 Qd8+ 70.
Kf5 Qd5+ 71. Kf4 Qe5+ 72. Kf3 Qe3+ 73. Kg2 Kd5 74. Qg8+ Qe6 75. Qd8+ Ke5 76.
Kg3 Qf7 77. Qg5+ Ke6 78. Qd8 Qg6 79. Qf8 Qg5 80. Qf2 Ke7 81. Qf3 Qf6 82. Qd5
Kf8 83. g5 Qf1 84. Kg4 Kg7 85. Qe5+ Kg8 86. Qe6+ Qf7 87. Qc8+ Kg7 88. Qc3+ Kg8
89. Qd3 Kg7 90. Qe4 Qd7+ 91. Kh4 Qf7 92. Qe5+ Kg8 93. Kg4 Qd7+ 1/2-1/2

[Event "Ch BLR 2013 m"]
[Site "?"]
[Date "2013.01.15"]
[Round "4.1"]
[White "Fedorov, Alexei"]
[Black "Zhigalko, Andrey"]
[Result "1/2-1/2"]
[WhiteElo "2590"]
[BlackElo "2589"]
[PlyCount "59"]
[EventDate "2013.??.??"]

1. e4 c5 2. Ne2 Nc6 3. d4 cxd4 4. Nxd4 e6 5. Nb5 d6 6. c4 Nf6 7. N1c3 a6 8. Na3
b6 9. Be2 Bb7 10. O-O Ne5 11. Qd4 Be7 12. Be3 O-O 13. f3 Nfd7 14. Rfd1 Rc8 15.
Qd2 g5 16. Rab1 Kh8 17. b4 Rg8 18. Kh1 Qc7 19. Bd4 Rb8 20. Qe3 Ba8 21. Rbc1 f6
22. Nab1 Qb7 23. Qf2 Nc6 24. a3 Nxd4 25. Qxd4 Ne5 26. Nd2 Rgd8 27. Nf1 Bf8 28.
Ne3 Bg7 29. Qd2 Rbc8 30. Qa2 1/2-1/2

[Event "Ch BLR 2013 m"]
[Site "?"]
[Date "2013.01.15"]
[Round "4.2"]
[White "Tihonov, Jurij"]
[Black "Zhigalko, Sergei"]
[Result "0-1"]
[WhiteElo "2443"]
[BlackElo "2651"]
[PlyCount "36"]
[EventDate "2013.??.??"]

1. d4 Nf6 2. c4 e6 3. Nf3 b6 4. a3 Ba6 5. Qb3 Be7 6. Nc3 d5 7. cxd5 Nxd5 8.
Nxd5 exd5 9. Bf4 O-O 10. e3 Bxf1 11. Kxf1 Nc6 12. Ke2 Na5 13. Qa4 c5 14. dxc5
bxc5 15. Rhd1 Nc4 16. Rab1 Bf6 17. Qc6 Nxb2 18. Be5 Nxd1 0-1

[Event "Ch BLR 2013 m"]
[Site "?"]
[Date "2013.01.15"]
[Round "4.3"]
[White "Gorovets, Andrey"]
[Black "Teterev, Vitaly"]
[Result "1/2-1/2"]
[WhiteElo "2477"]
[BlackElo "2536"]
[PlyCount "40"]
[EventDate "2013.??.??"]

1. c4 c5 2. Nf3 Nc6 3. d4 cxd4 4. Nxd4 g6 5. e4 Bg7 6. Be3 Nf6 7. Nc3 Nxd4 8.
Bxd4 O-O 9. Be2 d6 10. Qd2 Qa5 11. f3 Be6 12. Rc1 Rfc8 13. b3 a6 14. Be3 Nd7
15. Nd5 Qxd2+ 16. Kxd2 Bxd5 17. exd5 a5 18. Rc2 Nc5 19. Rb1 Re8 20. a3 e6
1/2-1/2

[Event "Ch BLR 2013 m"]
[Site "?"]
[Date "2013.01.15"]
[Round "4.4"]
[White "Stupak, Kirill"]
[Black "Meribanov, Vitaly"]
[Result "0-1"]
[WhiteElo "2526"]
[BlackElo "2409"]
[PlyCount "76"]
[EventDate "2013.??.??"]

1. d4 Nf6 2. c4 c5 3. d5 b5 4. a4 Qa5+ 5. Bd2 b4 6. g3 d6 7. Bg2 g6 8. Qc1 h5
9. h3 Bg7 10. e4 Nbd7 11. Ra2 Bb7 12. Ne2 O-O-O 13. O-O Qc7 14. Qc2 Kb8 15. Be3
Nh7 16. Nd2 g5 17. f4 Bf6 18. e5 dxe5 19. fxg5 Nxg5 20. Rf5 Rdg8 21. h4 Nh7 22.
Rxh5 Nhf8 23. Rxh8 Bxh8 24. Ne4 f5 25. Ng5 e4 26. Bh3 Qb6 27. b3 Qf6 28. Qd1
Ne5 29. Qf1 Bc8 30. Kg2 Nd3 31. Nf4 e5 32. dxe6 Nxe6 33. Ngxe6 Qxh4 34. Nxd3
Rxg3+ 35. Kh2 Rxe3 36. Qf4+ Qxf4+ 37. Ndxf4 Bxe6 38. Nxe6 Be5+ 0-1

[Event "Ch BLR 2013 m"]
[Site "?"]
[Date "2013.01.15"]
[Round "4.5"]
[White "Kovalev, Vladislav"]
[Black "Lomako, Pavel"]
[Result "1-0"]
[WhiteElo "2482"]
[BlackElo "2361"]
[PlyCount "121"]
[EventDate "2013.??.??"]

1. e4 c6 2. d4 d5 3. e5 c5 4. dxc5 e6 5. Nf3 Bxc5 6. a3 Ne7 7. Bd3 Ng6 8. O-O
Nc6 9. b4 Be7 10. Bb2 Nf4 11. c4 f6 12. Re1 O-O 13. Qc2 Nxd3 14. Qxd3 fxe5 15.
Nxe5 Bf6 16. Qe2 dxc4 17. Nxc6 bxc6 18. Bxf6 Qxf6 19. Nd2 a5 20. Ne4 Qe5 21.
Qxc4 Ba6 22. Qxc6 axb4 23. Nc5 Qd5 24. Qxe6+ Qxe6 25. Nxe6 b3 26. Nxf8 Kxf8 27.
Rab1 Bc4 28. Re4 Bf7 29. a4 Rb8 30. Rb2 Bg6 31. Rd4 Bc2 32. f3 Ke7 33. Kf2 g5
34. Ke3 Ke6 35. a5 Ra8 36. Ra4 Ra6 37. Kd4 Rd6+ 38. Kc3 Rd3+ 39. Kb4 Kd5 40. a6
Kc6 41. a7 Rd4+ 42. Ka3 Rxa4+ 43. Kxa4 Kb7 44. Rxb3+ Kxa7 45. Kb4 Bxb3 46. Kxb3
Kb6 47. Kc4 Kc6 48. Kd4 Kd6 49. Ke4 Ke6 50. g3 Kf6 51. f4 gxf4 52. gxf4 Ke6 53.
f5+ Kf6 54. Kf4 Kg7 55. Ke5 Kf7 56. f6 Kf8 57. Ke6 Ke8 58. f7+ Kf8 59. Kf6 h5
60. Kg6 h4 61. h3 1-0

[Event "Ch BLR 2013 m"]
[Site "?"]
[Date "2013.01.16"]
[Round "5.1"]
[White "Zhigalko, Andrey"]
[Black "Kovalev, Vladislav"]
[Result "1/2-1/2"]
[WhiteElo "2589"]
[BlackElo "2482"]
[PlyCount "112"]
[EventDate "2013.??.??"]

1. d4 Nf6 2. Nf3 g6 3. c4 Bg7 4. Nc3 O-O 5. e4 d6 6. Be2 e5 7. O-O Na6 8. Be3
Ng4 9. Bg5 Qe8 10. Re1 exd4 11. Nxd4 Qe5 12. Nf3 Qc5 13. Bh4 Be6 14. Rc1 Qb6
15. Ng5 Ne5 16. Na4 Qa5 17. Nxe6 fxe6 18. a3 c5 19. Nc3 Nf7 20. Qd2 Rae8 21.
Rcd1 Nb8 22. Nb5 Qb6 23. b4 Nc6 24. Rb1 Nd4 25. bxc5 Nxe2+ 26. Qxe2 Qxc5 27.
Qe3 Qxe3 28. Rxe3 Rc8 29. Be7 Rfe8 30. Nxd6 Nxd6 31. Bxd6 Bd4 32. Rd3 Rxc4 33.
g3 b6 34. e5 Rec8 35. Kg2 a5 36. h4 h5 37. Rf3 Kg7 38. Rd1 R8c6 39. Rf4 Bc3 40.
Rf3 b5 41. Be7 Rc8 42. Bd8 Kg8 43. Rd7 Bxe5 44. Bxa5 Rf8 45. Rxf8+ Kxf8 46.
Bb4+ Kg8 47. Rb7 Rc2 48. Rxb5 Bd4 49. Be1 Rc1 50. Rb4 e5 51. Kf1 Ra1 52. Rb3
Bc5 53. Rb5 Bd4 54. Rb3 Bc5 55. Ke2 Rxa3 56. Rxa3 Bxa3 1/2-1/2

[Event "Ch BLR 2013 m"]
[Site "?"]
[Date "2013.01.16"]
[Round "5.2"]
[White "Lutsko, Igor"]
[Black "Stupak, Kirill"]
[Result "1-0"]
[WhiteElo "2371"]
[BlackElo "2526"]
[PlyCount "127"]
[EventDate "2013.??.??"]

1. d4 Nf6 2. c4 e6 3. Nf3 b6 4. e3 Bb7 5. Bd3 c5 6. Nc3 Be7 7. O-O d6 8. d5
exd5 9. cxd5 O-O 10. e4 Ba6 11. Re1 Bxd3 12. Qxd3 Nbd7 13. h3 a6 14. a4 Ne8 15.
Bf4 f6 16. Nd2 Ne5 17. Qe2 Nc7 18. Rab1 Ng6 19. Bg3 f5 20. exf5 Rxf5 21. Nc4 b5
22. axb5 axb5 23. Ne3 Rf8 24. Nxb5 Nxb5 25. Qxb5 Bh4 26. Nc4 Bxg3 27. fxg3 Qf6
28. Kh2 Rad8 29. Qb3 Qg5 30. Rbd1 Rf2 31. Qe3 Qxe3 32. Rxe3 Rc2 33. b3 Rf8 34.
Nxd6 Rff2 35. Rg1 h6 36. Nc4 Nf8 37. d6 Nd7 38. Re8+ Rf8 39. Re7 Rd8 40. Ra1
Nf6 41. Raa7 Ne8 42. Red7 Rb8 43. Rdb7 Rd8 44. d7 Nf6 45. Rc7 Kh7 46. g4 Re2
47. Nb6 Rb8 48. Rab7 Rf8 49. Rc8 Nxg4+ 50. Kg3 Re3+ 51. Kxg4 h5+ 52. Kh4 Kh6
53. Rc6+ g6 54. Nd5 Rd3 55. Rbb6 Rd4+ 56. Kg3 h4+ 57. Kh2 Rxd5 58. Rxg6+ Kh5
59. Rgd6 Rxd6 60. Rxd6 Rd8 61. Rd5+ Kg6 62. Kg1 Kf6 63. Kf2 Ke6 64. Rd2 {Kd5}
1-0

[Event "Ch BLR 2013 m"]
[Site "?"]
[Date "2013.01.16"]
[Round "5.3"]
[White "Meribanov, Vitaly"]
[Black "Fedorov, Alexei"]
[Result "0-1"]
[WhiteElo "2409"]
[BlackElo "2590"]
[PlyCount "112"]
[EventDate "2013.??.??"]

1. e4 c5 2. Nf3 e6 3. Nc3 a6 4. d4 cxd4 5. Nxd4 b5 6. Bd3 Bb7 7. O-O Bc5 8. Be3
d6 9. Re1 Nd7 10. a3 Ngf6 11. b4 Bxd4 12. Bxd4 Rc8 13. Nb1 e5 14. Bb2 Nb6 15.
Nc3 O-O 16. a4 Nc4 17. Bc1 bxa4 18. Nxa4 h6 19. Qe2 Qc7 20. Nb2 d5 21. exd5 Nd6
22. Bd2 e4 23. Bxa6 Bxa6 24. Rxa6 Qxc2 25. Rxd6 Qxb2 26. Be3 Rc2 27. Qd1 Rfc8
28. h3 R8c3 29. Bd4 e3 30. Rxf6 Rc1 31. Bxc3 Rxd1 32. Bxb2 Rxe1+ 33. Kh2 gxf6
34. fxe3 Rxe3 35. Bxf6 Rd3 36. Be7 Rxd5 37. Bc5 Kh7 38. Kg3 Kg6 39. Kf4 Rd3 40.
g3 Kf6 41. Be3 Rb3 42. Bc5 h5 43. h4 Ke6 44. Bf8 Rc3 45. Bc5 Rc4+ 46. Kf3 Ke5
47. Kg2 Ke4 48. Bd6 Rc2+ 49. Kh3 Kf3 50. Bc5 Rc1 51. Kh2 Kg4 52. Bd6 Rc2+ 53.
Kg1 Rc6 54. Bf4 Rb6 55. Kf2 Rxb4 56. Bc7 Rb2+ 0-1